Liturgia Evanjelickej cirkvi augsburského vyznania na Slovensku: slávenie Večere Pánovej I. časť

Bibliographic Details
Main Author: Puvák, Marcel (Author)
Format: Article
Language:Slovak
ISSN:0139-861X
Subjects:

MARC

LEADER 00000nab a2200000 a 4500
001 vtls008427195
003 SK-MaSNL
005 20260303065949.0
008 140328c2005 xo mr|p|||||||000 b|slo
015 |a SNBRB2006/01  |2 snkbucl 
038 |a SNKBUCL 
040 |a SNKBUCL  |b slo  |c SNKBUCL  |e AACR2 
041 0 |a slo 
044 |a xo  |c SK 
080 |a 284.1(437.6):264:265.3  |2 1997 
080 |a 264  |2 1997 
080 |a 265.3  |2 1997 
100 1 |a Puvák, Marcel  |4 aut  |9 275307 
245 1 0 |a Liturgia Evanjelickej cirkvi augsburského vyznania na Slovensku: slávenie Večere Pánovej  |n I. časť  |c Marcel Puvák 
610 2 7 |a Evanjelická cirkev a.v.  |z Slovensko  |2 snkbucl  |9 585759 
650 0 7 |a evanjelická liturgia  |2 snkbucl  |9 68047 
650 0 7 |a Večera Pánova  |2 snkbucl  |9 90699 
773 0 |t Duchovný pastier  |g Roč. 86, č. 6 (2005), s. 356-362  |x 0139-861X 
852 |a SNK  |b KIS3GCP 
958 |a SK 
958 |a NT 
999 |c 1753445  |d 1755375